Statistics for Name the 2021-2022 Habs roster?

Click here to take the quiz!

General Stats

  • This quiz has been taken 16 times
  • The average score is 16 of 29

Answer Stats

Answer% Correct
Carey Price
100%
Cole Caufield
92%
Jake Allen
92%
Brendan Gallagher
83%
Jonathan Drouin
83%
Nick Suzuki
83%
Josh Anderson
75%
Samuel Montembeault
75%
Shea Weber
75%
Jeff Petry
67%
Joel Armia
67%
Paul Byron
67%
Chris Wideman
58%
David Savard
58%
Ryan Poehling
58%
Alexander Romanov
50%
Jake Evans
50%
Jordan Harris
50%
Justin Barron
50%
Michael Pezzetta
50%
Joel Edmundson
42%
Rem Pitlick
42%
Tyler Pitlick
42%
Christian Dvorak
33%
Mike Hoffman
25%
William Lagesson
25%
Kale Clague
17%
Laurent Dauphin
17%
Mathieu Perreault
8%

Score Distribution

Percentile by Number Answered

Percent of People with Each Score

Your Score History

You have not taken this quiz